Statistics for Famous People from Washington State by Picture

Click here to take the quiz!

General Stats

  • This quiz has been taken 13,600 times
    (7,675 since last reset)
  • The average score is 9 of 16

Answer Stats

Answer% Correct
Bill Gates
92%
Kurt Cobain
88%
Bruce Lee
87%
Jimi Hendrix
83%
Chris Pratt
72%
Ted Bundy
66%
Macklemore
58%
Adam West
54%
Hilary Swank
46%
Kenny G
45%
Rainn Wilson
43%
Sir Mix-a-Lot
40%
Bing Crosby
39%
Ken Jennings
39%
John Stockton
36%
Gary Larson
25%

Score Distribution

Percentile by Number Answered

Percent of People with Each Score

Your Score History

You have not taken this quiz since the last reset